zpět

Detail výsledku týmu

The Pub Praha 2 PO, Praha

Datum a čas kvízu

29 Celkem bodů Celkový počet nahraných bodů na tomto kvízu bez doplňovacích otázek.
6. Pořadí na kvízu Konečné umístění týmu na tomto kvízu.

Zaznamenané odpovědi

# Otázka Odpověď Body Výsledky
1. Návštěvníci Pražského hradu mo... C) včelín 0
2. Kanaďan Nick Chowdhury před 33... A 0
3. Ve čtvrtek měl v kinech premié... Princezna na hrášku 1
4. Minulý týden oznámili organizá... v Ženevě 0
5. Minulý týden se dostala do méd... David Limberský 0
6. Kterým výrazem na písmeno M se... mixologie 1
7. Ernest Hemingway měl údajně v... Daiquiri 0
8. Oblíbenou složkou míchaných ná... z pomerančů 0
9. Ve filmu Někdo to rád horké se... Manhattan 0
10. V poslední otázce se podíváme... vaječný likér; griotku 1